|
|
|
|
| LEADER |
00733cam a2200229 a 4500 |
| 001 |
0000096901 |
| 005 |
20080620090000.0 |
| 040 |
|
|
|a mod
|
| 041 |
|
|
|a eng
|
| 020 |
0 |
0 |
|a 9789833900282 (set)
|
| 020 |
0 |
0 |
|a 9789833900329
|
| 090 |
0 |
0 |
|a 363.3409595
|b RAB
|c f
|e 2007
|
| 100 |
1 |
0 |
|a Rabiatul Nalawiyah Jusoh
|
| 245 |
1 |
0 |
|a Bencana alam luar biasa
|c Rabiatul Nalawiyah Jusoh, Intan Suraya Halim
|
| 260 |
0 |
0 |
|a Shah Alam
|b JRAS Corporation
|c 2007
|
| 300 |
0 |
0 |
|a 64 ms.
|b ill. col.
|c 27cm.
|
| 440 |
0 |
0 |
|a Siri Menangani Isu dan Koflik
|
| 500 |
0 |
0 |
|a Mengandungi soalan
|
| 650 |
0 |
0 |
|a Disasters
|z Malaysia
|x Juvenile literature
|
| 700 |
1 |
1 |
|a Intan Suraya Halim
|
| 852 |
0 |
0 |
|a 01
|
| 999 |
|
|
|a 0268369
|b KEMENTAH
|d BOOKS
|e Umum
|f Perpustakaan KEMENTAH
|j AVAILABLE
|q GOOD CONDITION
|